| 000 | 00760nam a22001817a 4500 | ||
|---|---|---|---|
| 003 | UA-OsUOA | ||
| 001 | 15739 | ||
| 007 | ta | ||
| 008 | 20031205b un ||||| |||| 00| 0 ukr d | ||
| 100 | _aГаврюшенко А. | ||
| 942 | _cSA | ||
| 040 |
_aUA-OsUOA _cUA-OsUOA _dUA-OsUOA |
||
| 245 |
_aСерце , віддане театру: [Розмова із нар. артистом України А.Гаврюшенком , який працює в Рівнен. обл. муз.-драм. театрі ] _cА. Гаврюшенко; /Спілкувалася О. Дем'янчук |
||
| 300 | _aС.4 | ||
| 955 | _a0 | ||
| 773 | 0 |
_w0 _tВісті Рівненщини _dРівне _d2003 _g№95/19 листоп./ |
|
| 650 | 7 |
_aКраєзнавча робота _2UDC |
|
| 999 |
_c301904 _d301904 |
||